Matematicas para administración y economía (Registro nro. 121)

Detalles MARC
000 -LEADER
fixed length control field 01483 a2200265 4500
001 - CONTROL NUMBER
control field 152
005 - DATE AND TIME OF LATEST TRANSACTION
control field 20260407155414.0
008 - FIXED-LENGTH DATA ELEMENTS--GENERAL INFORMATION
fixed length control field 260407a2008 arg spa d
003 - CONTROL NUMBER IDENTIFIER
control field AR-UNSa-BCEJYS
040 ## - CATALOGING SOURCE
Original cataloging agency AR-UNSa-BCEJYS
Language of cataloging spa
Transcribing agency AR-UNSa-BCEJYS
080 ## - UNIVERSAL DECIMAL CLASSIFICATION NUMBER
Universal Decimal Classification number 510
Common auxiliary subdivision Consideraciones fundamentales y generales de las matemáticas<br/>
020 ## - INTERNATIONAL STANDARD BOOK NUMBER
International Standard Book Number 978-970-26-1147-9
041 ## - LANGUAGE CODE
Language code of text/sound track or separate title spa
100 1# - MAIN ENTRY--PERSONAL NAME
Personal name Haeussler, Ernest F.
245 10 - TITLE STATEMENT
Title Matematicas para administración y economía
250 ## - EDITION STATEMENT
Edition statement 12a. ed
264 #1 - PRODUCTION, PUBLICATION, DISTRIBUTION, MANUFACTURE, AND COPYRIGHT NOTICE
Place of production, publication, distribution, manufacture México :
Name of producer, publisher, distributor, manufacturer Pearson Educación
Date of production, publication, distribution, manufacture, or copyright notice 2008
300 ## - PHYSICAL DESCRIPTION
Extent xxi, 841 p.
Dimensions 27 cm
505 ## - FORMATTED CONTENTS NOTE
Formatted contents note 0. Repaso de álgebra - 1. Aplicaciones y más álgebra - 2. Funciones y gráficas - 3. Rectas, parábolas y sistemas de ecuaciones - 4. Funciones exponenciales y logarítmicas - 5. Matemáticas financieras - 6. Algebra matricial - 7. Programación lineal - 8. Introducción a la probabilidad y la estadística - 9. Temas adicionales en probabilidad - 10. Límites y continuidad - 11. Diferenciación - 12. Temas adicionales de diferenciación - 13. Trazado de curvas - 14. Integración - 15. Métodos y aplicaciones de la integración - 16. Variables aleatorias continuas - 17. Cálculo de varias variables
590 ## - LOCAL NOTE (RLIN)
Local note niveau_biblio:m niveau_hierar:0
700 1# - ADDED ENTRY--PERSONAL NAME
Personal name Paul, Richard S.
700 1# - ADDED ENTRY--PERSONAL NAME
Personal name Wood, Richard J
856 41 - ELECTRONIC LOCATION AND ACCESS
Uniform Resource Identifier <a href="https://biblioeco.unsa.edu.ar/pmb/images/libros/Matem?ticas para Administraci?n y Econom?a-l117695.jpg">https://biblioeco.unsa.edu.ar/pmb/images/libros/Matem?ticas para Administraci?n y Econom?a-l117695.jpg</a>
Link text Imagen de portada
Electronic format type image/jpeg
942 ## - ADDED ENTRY ELEMENTS (KOHA)
Koha item type
Existencias
Withdrawn status Lost status Damaged status Not for loan Home library Current library Shelving location Date acquired Total checkouts Full call number Barcode Date last seen Price effective from Koha item type Public note
        Biblioteca Prof. Eusebio Cleto del Rey Biblioteca Prof. Eusebio Cleto del Rey   07/04/2026   510 H137m 12ed. L117415 07/04/2026 07/04/2026 Libro 1RA HOJA UN POCO PARTIDA EN PARTE SUPERIOR - CANTO LATERAL C/ LAPICERA NEGRA
        Biblioteca Prof. Eusebio Cleto del Rey Biblioteca Prof. Eusebio Cleto del Rey   07/04/2026   510 H137m 12ed. L117693 07/04/2026 07/04/2026 Libro  
        Biblioteca Prof. Eusebio Cleto del Rey Biblioteca Prof. Eusebio Cleto del Rey   07/04/2026   510 H137m 12ed. L117694 07/04/2026 07/04/2026 Libro HÚMEDO Y MANCHADO EN CANTO INFERIOR - LÁPIZ - CANTO UN POCO SUCIO - HÚMEDO EN CANTO ALTERAL DESDE PÁG 841 A FINAL
        Biblioteca Prof. Eusebio Cleto del Rey Biblioteca Prof. Eusebio Cleto del Rey   07/04/2026   510 H137m 12ed. L117695 07/04/2026 07/04/2026 Libro  
        Biblioteca Prof. Eusebio Cleto del Rey Biblioteca Prof. Eusebio Cleto del Rey   07/04/2026   510 H137m 12ed. L117691 07/04/2026 07/04/2026 Libro CANTO INFERIOR HÚMEDO - MANCHAS Y HOJAS ROTAS - ÚLTIMA HOJA DAÑADA - 1RAS HOJAS MANCHADAS - CANTO SUCIO
        Biblioteca Prof. Eusebio Cleto del Rey Biblioteca Prof. Eusebio Cleto del Rey   07/04/2026   510 H137m 12ed. L117692 07/04/2026 07/04/2026 Libro CANTO SUPERIOR MANCHADO C/ AZÚL - ÚLTIMAS HOJAS SEMISUELTAS - PÁG. 1 Y 2 MANCHADAS - ÚLTIMA HOJA DOBLADA - TAPA UN POCO DOBLADA